00957nam a2200241 a 4500001001900000003000400019005001700023008004100040017002100081020001800102035002500120035002100145040002400166100003600190245023600226260002800462300002000490504001700510650004100527650006700568650004800635830003200683991003149559706706OSt20230330182921.0081020s2008 sp | 000 0 spa|c aDL SE. 4594-2008 a9788470742583 a(ES-BaCBU).b40676225 a(OCoLC)804514048 aES-BaCBUbcatcCDMR1 aGarcía González, M. Nieves.10aPeriodismo, publicidad, cine, comunicación audiovisual y relaciones públicas :biconos para un lenguaje democrático : un enfoque interdisciplinar para el aprendizaje de los estudios superiores /cM. Nieves García González aMadrid :bFragua,c2008 a332 p. ;c21 cm aBibliografia 7aSociologia de la comunicació2thub 7aCiències de la informació2lemacxEnsenyament universitari 7aPeriodisme2lemacxEnsenyament universitari 0aFragua comunicación ;v61